| 000 | 00681nam a2200253Ia 4500 | ||
|---|---|---|---|
| 003 | OSt | ||
| 005 | 20221006145028.0 | ||
| 006 | a|||||r|||| 00| 0 | ||
| 007 | ta | ||
| 008 | 221006b |||||||| |||| 00| 0 eng d | ||
| 020 |
_a0520061403 _c _53.00 |
||
| 024 | _a13,554 | ||
| 037 | _cTextual | ||
| 040 |
_aEASL _cEASL _beng |
||
| 041 |
_2eng _aeng |
||
| 082 | _aV498.N51, M9 | ||
| 100 |
_aGOLDSTEIN Melvyn C _931075 |
||
| 245 | 0 | _aHistory of modern Tibet 1913-1951 | |
| 260 |
_aBerkeley _bUniversity California Press _c1989 |
||
| 300 |
_a898p. _ccm. |
||
| 490 | _v Oth | ||
| 942 |
_hV498.N51, M9 _cTEXL _2CC |
||
| 999 |
_c1081640 _d1081640 |
||